000 00679nam a2200217Ia 4500
003 GCL
005 20240530103640.0
008 140319s9999 xx 000 0 ara d
040 _aGCL /
_cGCL
082 0 4 _a940.1
_bم م
100 1 _aمحمود سعيد عمران
245 1 0 _aالمغول واروبا/
_cمحمود سعيد عمران
260 _aالاسكندرية :
_bدار المعرفة الجامعية ،
_c1996
300 _a292 ص:
_bخرائط ؛
_c24 سم
650 0 4 _aتاريخ
650 0 4 _aالعصور الوسطى
650 0 4 _aالمغول والتتار
650 0 4 _aالحضارة القديمة
650 0 4 _aاوربا
942 _2ddc
_cBK
999 _c41395
_d41395